000 00578nam a2200205 4500
001 121809
003 ES-MaACL
007 t|
008 070214s1953 sp r ||||1| spa d
100 1 _aPlievier, Theodor.
_992655
245 1 0 _aMoscú /
_cTheodor Plievier ; traducción del alemán por Tristán La Rosa.
250 _a1ª ed.
260 _aBarcelona :
_bDestino,
_c1953.
300 _a450 p. ;
_c22 cm.
490 1 _aHércules
700 1 _aLa Rosa, Tristán.
_969179
830 0 _aHércules
_9218785
852 _aES-MaACL
_jC-6110
_bR.34999
999 _c121809
_d121809